Cómo funcionan las cosas

Bibliographic Details
Main Authors: Macaulay, David, 1946- (Author), Ardley, Neil, 1937-2004 (Author)
Format: Book
Language:Spanish
PhysicalDescription:384 s. 29 cm
Published: Buenos Aires Atlantida 1994
ISBN:9500809567
Edition:3. ed.

MARC

LEADER 00000nam a2200000 a 4500
001 vtls001168752
003 SK-MaSNL
005 20260301063339.0
008 250414s1994 ag spa
020 |a 9500809567 
035 |a SNK000111732 
035 |a urn:nbn:sk:snk-amlnvk 
035 |a urn:nbn:sk:snk-am00bs0s 
035 |a 195D1539-1630-4187-A932-E6CACEA5F8DC 
040 |a SNK  |b slo  |c SNK  |e AACR2 
041 0 |a spa 
044 |a ag  |c AR 
080 |a 62(091)(084.12)  |2 1981 
080 |a 621(091)(084.12)  |2 1981 
100 1 |a Macaulay, David,  |d 1946-  |4 aut  |9 216953 
245 1 0 |a Cómo funcionan las cosas  |c David Macaulay, Niel Ardley 
250 |a 3. ed. 
260 |a Buenos Aires  |b Atlantida  |c 1994  |e Martin  |f Neografia 
300 |a 384 s.  |c 29 cm 
700 1 |a Ardley, Neil,  |d 1937-2004  |4 aut  |9 42629 
852 |a Slovenská národná knižnica 
919 |a 950-08-0956-7 
954 |a technika  |a strojárstvo 
958 |a OND 
999 |c 623707  |d 625637 
952 |a SNK  |b SNK  |y PREZ  |7 0  |p 17A0905748  |o snkSB 53013  |i snkKSP 9000/94  |0 0  |1 0  |4 0  |d 2013-02-25  |f 1  |l 0  |r 2025-03-18 00:00:00  |w 2026-02-23